000 00729nam a2200241Ia 4500
005 20260430150411.0
008 008 250103s9999 xx 000 0 eng d
037 _aTheses
040 _aCRL
040 _beng
040 _ceng
041 _2eng
041 _aeng
084 _qCRL
100 _aMishra Abhishek Kumar Au.; Dubey J. P. Gu.
_91237387
245 0 _aComparative Study of “Financial Awareness” Among the Rural Population of Purvanchal Region (Uttar Pradesh)
260 _c2023
300 _a219p.
650 _aSocial Sciences
700 _aUniversity of Delhi. Faculty of Social Sciences. Deptt. of Adult, Continuing Education & Extension
_91237388
942 _cDIS
999 _c1849692
_d1849692